Countries with highest E-Sports Earnings - Statistics

General Stats
  • This quiz has been taken 29 times
  • The average score is 15 of 20
Answer Stats
Money in $ Country % Correct
58,354,226 France
96%
288,969,286 United States
96%
321,552,093 China
93%
49,153,363 Canada
89%
51,449,804 Germany
89%
89,284,344 Russia
89%
68,477,943 Brazil
85%
39,309,684 Japan
85%
47,103,854 United Kingdom
85%
153,241,517 South Korea
78%
56,708,512 Sweden
78%
32,523,883 Australia
70%
30,344,285 Poland
70%
61,700,828 Denmark
67%
33,465,754 Finland
56%
24,382,762 Philippines
52%
22,196,486 Taiwan
52%
30,373,731 Thailand
52%
38,289,636 Ukraine
52%
22,518,535 Malaysia
41%
No matching quizzes found
Score Distribution
Percent of People with Each Score
Percentile by Number Answered
Your Score History
You have not taken this quiz